Представление документа в формате MARC21

ПолеНазваниеЗначение
  Тип записи a
  Библиографический уровень m
001 Контрольный номер BIBLIOCLUB\0000497152
005 Дата корректировки 20260430154818.7
006 m o d
007 Элементы данных для физической характеристики c|||||||||||||
008 Кодируемые данные s2016 rus o rus d
020 Индекс ISBN __
a ISBN 978-5-7638-3524-3
041 Код языка издания 0_
a Код языка текста rus
084 Индекс другой классификации/Индекс ББК __
a Индекс другой классификации/Индекс ББК 22.192.23я73
b Номер единицы LBC/PL
2 Источник индекса rubbk
084 Индекс другой классификации/Индекс ББК __
a Индекс другой классификации/Индекс ББК 28.081.8в631я73
b Номер единицы LBC/PL
2 Источник индекса rubbk
100 Автор 1_
a Автор Гаврилова Л. В.
245 Заглавие 10
a Заглавие Математическое моделирование водных экосистем
b Продолж. заглавия учебное пособие
c Ответственность Л. В. Гаврилова, Л. А. Компаниец, В. Е. Распопов
c Ответственность Сибирский федеральный университет
c Ответственность Федеральное агентство научных организаций
c Ответственность Красноярский научный центр Сибирского отделения РАН
260 Выходные данные __
a Место издания Красноярск
b Издательство Сибирский федеральный университет (СФУ)
c Дата издания 2016
300 Физическое описание __
a Объем 202 с.
b Иллюстрации/ тип воспроизводства ил.
504 Библиография __
a Библиография Библиогр.: с. 194.
653 Ключевые слова 1_
a Ключевые слова Учебник для высшей школы
700 Другие авторы _1
a Другие авторы Компаниец Л. А.
700 Другие авторы _1
a Другие авторы Распопов В. Е.
856 Электронный адрес документа 40
3 Область применения данных поля Университетская библиотека ONLINE
u URL https://biblioclub.ru/index.php?page=book&id=497152
900 Электронные ресурсы __
a Имя электронного ресурса https://img.biblioclub.ru/sm_cover/c3c987fcca87bfe08f0ff894dccbf04ct08spvxvwg/cover.jpg